• 首页
  • 本馆介绍
  • 公告通知
  • 最新文献
  • 馆藏检索
  • 电子资源
  • 读者导购
  • 参考咨询
  • 我的图书馆
  • 登录
  • 详细信息显示
  • 放入我的书架
  • 预约/预借图书
  • 作者相关作品
  • 分类相关作品
  • 丛书相关作品
  • 出版社相关作品

书目信息

  • 表格格式
  • 工作单格式
  • 卡片格式
题名:
学校心理咨询实务
    
 
作者: 张麒 主编 ;上海市职业能力考试院 编
分册:  
出版信息: 上海   上海人民出版社  2015
页数: 232页
开本: 24cm
丛书名:
单 册:
中图分类: G448
科图分类:
主题词: 教育心理学--jiao yu xin li xue--心理咨询
电子资源:
ISBN: 978-7-208-13216-0
000 00982nam0 22002651 450
001 1754510168
005 20170516112211.0
010    @a978-7-208-13216-0@dCNY35.00
100    @a20151118d2015 em y0chiy50 ea
101 0  @achi
102    @aCN@b310000
105    @ay z 000yy
106    @ar
200 1  @a学校心理咨询实务@9xue jiao xin li zi xun shi wu@f张麒主编@g上海市职业能力考试院编
205    @a3版
210    @a上海@c上海人民出版社@d2015
215    @a232页@d24cm
300    @a上海市学校心理咨询专业技术水平认证考试用书
330    @a本书分为九章,主要内容包括成为心理咨询师的准备、从事心理咨询需要具备的基本技能、学校心理咨询中常用的几项技术、个案处理的内省与督导、学校心理咨询师认证答辩的准备等。
606 0  @a教育心理学@9jiao yu xin li xue@x心理咨询
690    @aG448@v5
701  0 @a张麒@9zhang qi@4主编
712 02 @a上海市职业能力考试院@9shang hai shi zhi ye neng li kao shi yuan@4编
801  0 @aCN@b百万庄@c20170513
905    @b1005798-803@dG448@e259=3@f6
    
    学校心理咨询实务/张麒主编/上海市职业能力考试院编.-3版.-上海:上海人民出版社,2015
    232页;24cm
    上海市学校心理咨询专业技术水平认证考试用书
    
    ISBN 978-7-208-13216-0:CNY35.00
    本书分为九章,主要内容包括成为心理咨询师的准备、从事心理咨询需要具备的基本技能、学校心理咨询中常用的几项技术、个案处理的内省与督导、学校心理咨询师认证答辩的准备等。
●
相关链接 在E读中查询图书 在五车中查询图书 在当当中查询图书 在豆瓣中查询图书


正题名:学校心理咨询实务     索取号:G448/259=3         预约/预借

序号 登录号 条形码 馆藏地/架位号 状态 备注
1 1005798   210057980   教育系资料室/ [索取号:G448/259=3] 在馆    
2 1005799   210057999   教育系资料室/ [索取号:G448/259=3] 在馆    
3 1005800   210058006   教育系资料室/ [索取号:G448/259=3] 在馆    
4 1005801   210058015   第四借阅区/ [索取号:G448/259=3] 在馆    
5 1005802   210058024   第四借阅区/ [索取号:G448/259=3] 在馆    
6 1005803   210058033   第四借阅区/ [索取号:G448/259=3] 在馆    
7 878680   208786802   第一样本阅览室/ [索取号:G448/259=3] 在馆    
8 878681   208786811   教育系资料室/ [索取号:G448/259=3] 在馆    
9 878682   208786820   教育系资料室/ [索取号:G448/259=3] 在馆    
10 878683   208786839   教育系资料室/ [索取号:G448/259=3] 在馆    
11 878684   208786848   第四借阅区/ [索取号:G448/259=3] 在馆    
12 878685   208786857   第四借阅区/ [索取号:G448/259=3] 在馆    
唐山师范学院图书馆 欢迎您!
大连网信软件有限公司© 版权所有